| 000 | 01668nam a2200421 c 4500 | ||
|---|---|---|---|
| 001 | 19742 | ||
| 003 | ES-MaCES | ||
| 005 | 20221201040016.0 | ||
| 008 | 070215s2006 sp d o000 | spa d | ||
| 017 |
_aM 52360-2006 _bDL |
||
| 020 | _a8484172317 | ||
| 020 | _a9788484172314 | ||
| 024 | 7 |
_a201-06-216-6 _2nipo |
|
| 035 | _aCES20070001001m | ||
| 040 |
_aES-MaCES _bspa _cES-MaCES |
||
| 245 | 0 | 3 |
_aEl sistema de becas en la primera inserción y su relación con el empleo _cRed2Red Consultores ; (elaborado para el Ministerio de Trabajo y Asuntos Sociales) |
| 260 |
_aMadrid _bMinisterio de Trabajo y Asuntos Sociales, Subdirección General de Información Administrativa y Publicaciones _c[2006] |
||
| 300 |
_a299 p. _bgráf. bl. y n. _c22 cm |
||
| 490 | 1 |
_aColección Informes y estudios. Serie Empleo _v30 |
|
| 504 | _aBibliografía y recursos en Internet: p. 197-202 | ||
| 541 | _cGratuito | ||
| 650 | 4 |
_abeca _927403 |
|
| 650 | 4 |
_acontrato de aprendizaje _929927 |
|
| 650 | 4 |
_agraduado universitario _927443 |
|
| 650 | 4 |
_aenseñanza superior _927379 |
|
| 650 | 4 |
_ainiciación profesional _929538 |
|
| 650 | 4 |
_atransición a la vida profesional _929447 |
|
| 650 | 4 |
_ainserción profesional _929942 |
|
| 650 | 4 |
_arelación formación empleo _929976 |
|
| 650 | 4 |
_aEspaña _926964 |
|
| 653 | 1 | 0 | _aEmpleo |
| 710 | 1 |
_aEspaña _bMinisterio de Trabajo y Asuntos Sociales _eed. _93273 |
|
| 710 | 2 |
_aRed2Red Consultores _94876 |
|
| 830 | 0 |
_aColección Informes y estudios (España. Ministerio de Trabajo y Asuntos Sociales) _pSerie Empleo _v30 _933062 |
|
| 902 | _aLIB Libro | ||
| 942 |
_2CES _cBK _h2.1. |
||
| 999 |
_c19742 _d19742 |
||